<?xml version="1.0" encoding="UTF-8"?>
<record
    xmlns:xsi="http://www.w3.org/2001/XMLSchema-instance"
    xsi:schemaLocation="http://www.loc.gov/MARC21/slim http://www.loc.gov/standards/marcxml/schema/MARC21slim.xsd"
    xmlns="http://www.loc.gov/MARC21/slim">

  <leader>01382    a2200217   4500</leader>
  <controlfield tag="001">60429</controlfield>
  <controlfield tag="005">20260407155855.0</controlfield>
  <controlfield tag="008">260407a1984    arg                 spa d</controlfield>
  <controlfield tag="003">AR-UNSa-BCEJYS</controlfield>
  <datafield tag="040" ind1=" " ind2=" ">
    <subfield code="a">AR-UNSa-BCEJYS</subfield>
    <subfield code="b">spa</subfield>
    <subfield code="c">AR-UNSa-BCEJYS</subfield>
  </datafield>
  <datafield tag="080" ind1=" " ind2=" ">
    <subfield code="a">94(82)</subfield>
    <subfield code="x">Historia de Argentina</subfield>
  </datafield>
  <datafield tag="245" ind1="1" ind2="0">
    <subfield code="a">"Proceso", crisis y transici&#xF3;n democr&#xE1;tica</subfield>
  </datafield>
  <datafield tag="020" ind1=" " ind2=" ">
    <subfield code="a">978-950-25-0044-7</subfield>
  </datafield>
  <datafield tag="264" ind1=" " ind2="1">
    <subfield code="a">Buenos Aires :</subfield>
    <subfield code="b">Centro Editor de America Latina</subfield>
    <subfield code="c">1984</subfield>
  </datafield>
  <datafield tag="300" ind1=" " ind2=" ">
    <subfield code="a">163 p.</subfield>
    <subfield code="c">18 cm.</subfield>
  </datafield>
  <datafield tag="505" ind1=" " ind2=" ">
    <subfield code="a">1. Democracia en Argentina: micro y macro / Guillermo O&#xB4;Donnell - 2. Privatizaci&#xF3;n autoritaria y recreaci&#xF3;n de la escena p&#xFA;blica / Oscar Ozlak - 3. Organizaciones coorporativas y proceso democr&#xE1;tico / Emilio J. Corbiere - 4. El "proceso de reorganizaci&#xF3;n Nacional" y el sistema jur&#xED;dico / Enrique Groisman - 5. Independencia, autogobierno y asocianismo de los jueces: por una pr&#xE1;ctica judicial alternativa/ Roberto Bergali - 6. Cultura y pol&#xED;tica en la transici&#xF3;n democr&#xE1;tica / Oscar Landi - 7. Algunos aspectos centrales de la cuesti&#xF3;n universitaria en la Argentina de hoy / Enrique Oteiza - 8. La concertaci&#xF3;n social; una perspectiva sobre los instrumentos de regulaci&#xF3;n econ&#xF3;mico-social en procesos de democratizaci&#xF3;n / Mar&#xED;a Grossi y Mario R. Dos Santos</subfield>
  </datafield>
  <datafield tag="041" ind1=" " ind2=" ">
    <subfield code="a">spa</subfield>
  </datafield>
  <datafield tag="942" ind1=" " ind2=" ">
    <subfield code="c">BK</subfield>
  </datafield>
  <datafield tag="590" ind1=" " ind2=" ">
    <subfield code="a">niveau_biblio:m niveau_hierar:0</subfield>
  </datafield>
  <datafield tag="100" ind1="1" ind2=" ">
    <subfield code="a">Oszlak, Oscar</subfield>
  </datafield>
  <datafield tag="999" ind1=" " ind2=" ">
    <subfield code="c">6982</subfield>
    <subfield code="d">6982</subfield>
  </datafield>
  <datafield tag="952" ind1=" " ind2=" ">
    <subfield code="0">0</subfield>
    <subfield code="1">0</subfield>
    <subfield code="4">0</subfield>
    <subfield code="7">0</subfield>
    <subfield code="a">BCEJYS</subfield>
    <subfield code="b">BCEJYS</subfield>
    <subfield code="c">16</subfield>
    <subfield code="d">2026-04-07</subfield>
    <subfield code="l">0</subfield>
    <subfield code="o">94(82) O81</subfield>
    <subfield code="p">L129171</subfield>
    <subfield code="r">2026-04-07 15:58:55</subfield>
    <subfield code="w">2026-04-07</subfield>
    <subfield code="y">L</subfield>
  </datafield>
</record>
